| 000 | 01643nam a2200421Ii 4500 | ||
|---|---|---|---|
| 001 | DIGVISR0922 | ||
| 003 | NyNyDIG | ||
| 006 | m o d | ||
| 007 | cr ||||||||||| | ||
| 008 | 250306s2024 sp ob 000 0 spa d | ||
| 035 | _a(OCoLC)1499136489 | ||
| 040 |
_aDGITA _beng _erda _epn _cDGITA |
||
| 020 | _z9788498952957 | ||
| 043 | _ae-sp--- | ||
| 050 | 1 | 4 | _aPQ6041 ebook |
| 100 | 1 |
_aGarcía, Miguel Ángel _q(García García), _eauthor. |
|
| 245 | 1 | 0 |
_aNuevos combates por la historia : _bmaravall y la literatura española contemporánea / _cMiguel Ángel García. |
| 264 | 1 |
_aMadrid : _bVisor Libros, _c2024. |
|
| 300 | _a1 online resource. | ||
| 336 |
_atext _btxt _2rdacontent |
||
| 337 |
_acomputer _bc _2rdamedia |
||
| 338 |
_aonline resource _bcr _2rdacarrier |
||
| 347 |
_atext file _2rdaft |
||
| 347 | _bPDF | ||
| 490 | 1 |
_aBiblioteca filológica hispana ; _v295 |
|
| 504 | _aIncludes bibliographical references. | ||
| 588 | 0 | _aOnline resource; title from PDF title page (Digitalia, viewed March 6, 2025) | |
| 650 | 0 |
_aSpanish literature _y20th century _xHistory and criticism. |
|
| 650 | 0 |
_aHistory in literature _zSpain. |
|
| 650 | 0 | _aIdeology in literature. | |
| 776 | 0 | 8 |
_iPrint version: _aGarcía, Miguel Ángel (García García). _tNuevos combates por la historia. _dMadrid : Visor Libros, 2024 _z9788498952957 |
| 791 | 2 |
_aDigitalia (Firm), _edistributor. |
|
| 793 | 0 |
_gDigitalia eBook Collection: _aVisor Libros |
|
| 830 | 0 |
_aBiblioteca filológica hispana ; _v295. |
|
| 856 | 4 | 0 |
_3Digitalia Hispánica _uhttps://www.digitaliapublishing.com/a/170432/ |
| 910 | _aPremium collection: 2025 | ||
| 942 | _cRAA | ||
| 999 |
_c290419 _d290419 |
||